Riadnie vzťahov so zákazníkmi v spoločnosti Vodafone Czech Republic, a.s. diplomová práca

Saved in:
Bibliographic Details
Main Author: Čokinová, Mária
Corporate Author: Podnikovohospodárska fakulta EU so sídlom v Košiciach. Katedra marketingu a obchodu
Other Authors: Ručinský, Rastislav
Format: Book
Language:Slovak
Published: Košice 2008
Tags: Add Tag
No Tags, Be the first to tag this record!

MARC

LEADER 00000nam$a2200000$$$4500
001 0079944
005 20240201120253.9
041 0 |a slo 
044 |a SK 
245 1 0 |a Riadnie vzťahov so zákazníkmi v spoločnosti Vodafone Czech Republic, a.s.  |b diplomová práca  |c Mária Čokinová ; škol. Rastislav Ručinský 
264 1 |a Košice  |c 2008 
300 |a 77 s. 
100 1 |a Čokinová, Mária 
700 1 |a Ručinský, Rastislav 
710 2 |a Podnikovohospodárska fakulta EU so sídlom v Košiciach. Katedra marketingu a obchodu